[Event "Warsaw YMCA Spring-C 200th"]
[Site "Warsaw"]
[Date "2018.05.01"]
[Round "5"]
[White "Wasilewski, Orhan"]
[Black "Szymanski, Pawel"]
[Result "0-1"]
[WhiteElo "1401"]
[BlackElo "1506"]
[PlyCount "50"]
[EventDate "2018.04.05"]
[EventType "tourn"]
[EventRounds "13"]
[EventCountry "POL"]
[SourceTitle "EXT 2021"]
[Source "ChessBase"]
[SourceDate "2020.10.23"]
[SourceVersion "1"]
[SourceVersionDate "2020.10.23"]
[SourceQuality "1"]

1. e4 e5 2. d4 exd4 3. c3 dxc3 4. Bc4 cxb2 5. Bxb2 d6 6. Nc3 Nf6 7. e5 d5 8. Nxd5 Nxd5 9. Bxd5 Bb4+ 10. Kf1 0-0 11. Qb3 Qe7 12. a3 c6 13. Be4 Bc5 14. h4 Be6 15. Qc2 a6 16. Nf3 Nd7 17. g4 Bxg4 18. Re1 Be6 19. Ng5 Bxa3 20. Nxh7 Rfd8 21. Re3 Bxb2 22. Qxb2 Nxe5 23. Kg2 Nc4 24. Qxg7+ Kxg7 25. Rg3+ Kh8 0-1

[Event "Warsaw YMCA Summer-B 173rd"]
[Site "Warsaw"]
[Date "2016.07.26"]
[Round "5"]
[White "Szymanski, Pawel"]
[Black "Sloniewska, Alicja"]
[Result "1-0"]
[WhiteElo "1501"]
[BlackElo "1147"]
[PlyCount "91"]
[EventDate "2016.07.01"]
[EventType "tourn"]
[EventRounds "11"]
[EventCountry "POL"]
[SourceTitle "EXT 2019"]
[Source "ChessBase"]
[SourceDate "2018.10.10"]
[SourceVersion "1"]
[SourceVersionDate "2018.10.10"]
[SourceQuality "1"]

1. e4 d5 2. exd5 Nf6 3. c4 c6 4. dxc6 Nxc6 5. Nf3 Bf5 6. Be2 g6 7. 0-0 Bg7 8. Nc3 0-0 9. a3 Rc8 10. d4 Ne4 11. Be3 b6 12. Rc1 Na5 13. Nxe4 Bxe4 14. b4 Bxf3 15. gxf3 Nc6 16. d5 Ne5 17. f4 Nd7 18. Rc2 Nf6 19. Bf3 Qd6 20. Qc1 Nd7 21. Bg4 f5 22. Bf3 Bh6 23. Re1 Rfe8 24. Bd2 Nf8 25. Rc3 Bg7 26. Rb3 Bh6 27. Bg2 Qf6 28. Qc3 Qd6 29. Qc1 Qf6 30. Bc3 Qd6 31. Be5 Qd7 32. c5 Bg7 33. c6 Qd8 34. Bf1 Qxd5 35. Bc4 Qxc4 36. Qxc4+ Kh8 37. Qf7 Bxe5 38. Rxe5 a6 39. Rxe7 Rxe7 40. Qxe7 b5 41. Rd3 Kg8 42. Rd8 Rxd8 43. Qxd8 h6 44. c7 Kf7 45. c8Q Ne6 46. Qcd7# 1-0

[Event "Warsaw YMCA Autumn-D 158th"]
[Site "Warsaw"]
[Date "2015.12.08"]
[Round "12"]
[White "Szymanski, Pawel"]
[Black "Moscicki, Slawomir"]
[Result "1-0"]
[WhiteElo "1490"]
[BlackElo "1291"]
[PlyCount "100"]
[EventDate "2015.09.22"]
[EventType "tourn"]
[EventRounds "13"]
[EventCountry "POL"]
[SourceTitle "EXT 2019"]
[Source "ChessBase"]
[SourceDate "2018.10.10"]
[SourceVersion "1"]
[SourceVersionDate "2018.10.10"]
[SourceQuality "1"]

1. e4 e5 2. Nf3 Nf6 3. Nxe5 d6 4. Nf3 Nxe4 5. Nc3 Nxc3 6. dxc3 d5 7. Be3 Be7 8. Qd2 h6 9. c4 c6 10. cxd5 0-0 11. dxc6 Nxc6 12. Bd3 Bg4 13. Be2 Re8 14. 0-0-0 Rc8 15. Qxd8 Bxd8 16. Rd2 Ba5 17. c3 a6 18. Nd4 Bxe2 19. Nxc6 Rxc6 20. Rxe2 b5 21. a3 b4 22. axb4 Bxb4 23. Kc2 a5 24. h3 a4 25. Kb1 Bd6 26. Rhe1 a3 27. Bd4 Rxe2 28. Rxe2 axb2 29. Kxb2 f6 30. Kb3 Kf7 31. Ka4 Rc8 32. Kb5 Bf8 33. c4 Rb8+ 34. Bb6 Ra8 35. c5 Ra1 36. c6 Rb1+ 37. Ka6 Rc1 38. c7 Bd6 39. Kb7 Bxc7 40. Bxc7 Rb1+ 41. Kc8 Rc1 42. Kd7 Kg6 43. Bd6 Rb1 44. Ke7 Rb7+ 45. Kf8 Rf7+ 46. Kg8 Rd7 47. Bf8 Kf5 48. Bxg7 Rd8+ 49. Kh7 Rd7 50. Kxh6 Rd6 1-0